<The> reputable firm how digitalization of communication is revolutionizing reputation management

Uložené v:
Podrobná bibliografia
Hlavný autor: Aula, Pekka
Ďalší autori: Heinonen, Jouni
Médium: Kniha
Jazyk:English
Vydavateľské údaje: Cham Springer 2016
Edícia:Management for Professionals
Predmet:
Tagy: Pridať tag
Žiadne tagy, Buďte prvý, kto otaguje tento záznam!

MARC

LEADER 00000nam a2200000 4500
001 0235114
005 20240314085921.0
020 |a 978-3-319-22007-9 
022 |a 2192-8096 
041 0 |a eng 
044 |a CH 
245 1 0 |a <The> reputable firm  |b how digitalization of communication is revolutionizing reputation management  |c Pekka Aula, Jouni Heinonen 
264 1 |a Cham  |b Springer  |c 2016 
300 |a xii, 214 s. 
490 1 |a Management for Professionals 
830 0 |a Management for Professionals 
610 2 0 |a riadenie podnikové 
610 2 0 |a identita podniková 
610 2 0 |a kultúra podniková 
610 2 0 |a stratégia podniková 
610 2 0 |a stratégia podnikateľská 
610 2 0 |a komunikácia 
610 2 0 |a komunikácia firemná 
610 2 0 |a komunikácia elektronická 
610 2 0 |a digitalizácia 
100 1 |a Aula, Pekka 
700 1 |a Heinonen, Jouni